Statistics for Top 10 Iron Producing Countries

Click here to take the quiz!

General Stats

  • This quiz has been taken 52 times
  • The average score is 8 of 10

Answer Stats

# Answer % Correct
9Russia
98%
1China
96%
4Canada
94%
6India
90%
3Brazil
88%
2Australia
86%
10South Africa
76%
7Iran
71%
5Ukraine
63%
8Kazakhstan
61%

Score Distribution

Percentile by Number Answered

Percent of People with Each Score

Your Score History

You have not taken this quiz